Operations management : (Record no. 6972)
[ view plain ]
| 000 -LEADER | |
|---|---|
| fixed length control field | 00668nam a22002052 4500 |
| 001 - CONTROL NUMBER | |
| control field | 0000005286 |
| 005 - DATE AND TIME OF LATEST TRANSACTION | |
| control field | 20151217152000.0 |
| 008 - FIXED-LENGTH DATA ELEMENTS--GENERAL INFORMATION | |
| fixed length control field | 070611s xx 000 0 eng d |
| 020 ## - INTERNATIONAL STANDARD BOOK NUMBER | |
| International Standard Book Number | 0333775929 : |
| Terms of availability | KES 4,200 |
| 040 ## - CATALOGING SOURCE | |
| Original cataloging agency | KABU |
| Transcribing agency | KABU |
| 050 #0 - LIBRARY OF CONGRESS CALL NUMBER | |
| Classification number | TS155 |
| Item number | .H462 2000 |
| 100 1# - MAIN ENTRY--PERSONAL NAME | |
| Personal name | Hill, Terry. |
| -- | 0000156492 |
| 245 10 - TITLE STATEMENT | |
| Title | Operations management : |
| Remainder of title | strategic context and managerial analysis / |
| Statement of responsibility, etc. | Terry Hill. |
| 260 ## - PUBLICATION, DISTRIBUTION, ETC. (IMPRINT) | |
| Place of publication, distribution, etc. | Houndsmills : |
| Name of publisher, distributor, etc. | Palgrave, |
| Date of publication, distribution, etc. | 2000. |
| 300 ## - PHYSICAL DESCRIPTION | |
| Extent | xv, 704 p. ; |
| Dimensions | 25 cm. + |
| Accompanying material | 1 computer disk (3.5 in.) |
| 650 #0 - SUBJECT ADDED ENTRY--TOPICAL TERM | |
| Topical term or geographic name as entry element | Production management. |
| -- | 0000155181 |
| 908 ## - PUT COMMAND PARAMETER (RLIN) | |
| Put command parameter | 070611 |
| 950 ## - LOCAL HOLDINGS (RLIN) | |
| -- | 1 |
| Withdrawn status | Lost status | Source of classification or shelving scheme | Not for loan | Home library | Current library | Date acquired | Total Checkouts | Full call number | Barcode | Date last seen | Price effective from | Koha item type |
|---|---|---|---|---|---|---|---|---|---|---|---|---|
| Library of Congress Classification | Kabarak, Main Campus | Kabarak, Main Campus | 17/12/2015 | TS155 .H462 2000 | 008352 | 17/12/2015 | 17/12/2015 | General Collection |